Statistics in quality engineering.

Recenzia princípov a činností využívajúcich nástroj štatistiku v systémoch riadenia akosti tak, ako ich formulovali zakladatelia Americkej spoločnosti pre riadenie akosti (ASQC). Filozofia uplatnenia štatistických výsledkov pri plánovaní a hodnotení systémov akosti. Nedocenenie štatistických metód n...

Ausführliche Beschreibung

Gespeichert in:
Bibliographische Detailangaben
1. Verfasser: Hare, L.B
Format: Buchkapitel
Sprache:Englisch
Schlagworte:
Tags: Tag hinzufügen
Keine Tags, Fügen Sie das erste Tag hinzu!

MARC

LEADER 00000naa a2200000 4500
001 r009328
005 20220913122628.6
041 0 |a eng 
044 |a US 
245 1 0 |a Statistics in quality engineering.  |c L.B. Hare 
520 |a Recenzia princípov a činností využívajúcich nástroj štatistiku v systémoch riadenia akosti tak, ako ich formulovali zakladatelia Americkej spoločnosti pre riadenie akosti (ASQC). Filozofia uplatnenia štatistických výsledkov pri plánovaní a hodnotení systémov akosti. Nedocenenie štatistických metód niektorými praktikmi v akosti. 
610 2 0 |a štatistika 
610 2 0 |a ASQC 
610 2 0 |a systémy riadenia 
610 2 0 |a riadenie kvality 
610 2 0 |a metódy štatistické 
100 1 |a Hare, L.B.